00591nam a2200193Ia 4500008004100000040001900041041001200060082002400072100002400096245005800120260002800178300001800206504001900224650001400243850001800257942000700275999001700282952009800299131103s9999 xx 000 0 und d aLoreto College aEnglish a910/KELbLCBED/2442 aKellaway, George P. 2aA background of physical geographycGeorge P.Kellaway aLondonbMacmillanc1960 a232p c 22cm. aIncludes index aGeography aLCBED/910/KEL cBK c29042d79521 00104070aMAINbMAINd2013-11-04l0o910/KEL LCBED/2442pB31892r2013-11-04w2013-11-04yBK